One Vowel Boys' Names in the Top 100 Quiz Stats

Quiz not verified by Sporcle

Also try: Blue Logos
Challenge
Share
Tweet
Embed
Score 0/7 Timer 02:00
0 Plays Today
Rank #/1st Letter Name % Correct
2/JJohn
97.5%
38/FFrank
85.8%
17/MMark
79.2%
47/JJack
75.8%
63/CCarl
60%
39/SScott
44.2%
78/RRalph
23.3%

You're not logged in!

Compare scores with friends on all Sporcle quizzes.
Sign Up with Email
OR
Log In

You Might Also Like...

Show Comments

Extras

Top Quizzes Today


Score Distribution

Your Account Isn't Verified!

In order to create a playlist on Sporcle, you need to verify the email address you used during registration. Go to your Sporcle Settings to finish the process.